Finite element method in civil and mechanical engineering : a mathematical introduction

I tiakina i:
Ngā taipitopito rārangi puna kōrero
Kaituhi matua: ANGOSHTARI, Arzhang Matin, Ali Gerami
Hōputu: Pukapuka
Reo:Ingarihi
I whakaputaina: CRC Press 2021
Tags: Tāpirihia he Tūtohu
No Tags, Be the first to tag this record!

MARC

LEADER 00000nam a22000007a 4500
008 240611b |||||||| |||| 00| 0 eng d
020 |a 9781138335172 
100 |a ANGOSHTARI, Arzhang  |a Matin, Ali Gerami 
245 |a Finite element method in civil and mechanical engineering  |b : a mathematical introduction  |c /Arzhang Angoshtari and Ali Gerami Matin  |g xii, 164p;ill 
260 |b CRC Press  |c 2021  |h Boca Raton, FL  |i 702421  |i 702422  |l TA347.F5An4  |m Finite element method  |m Civil engineering -Mathematics  |m Mechanical engineering - Mathematics  
500 |a it includes references and index 
942 |a lcc  |c BK  |e Johnson  |f 11/06/24 
952 |0 0  |1 0  |2 lcc  |4 0  |6 TA0347 F5 A N4  |7 0  |9 5310  |a TL  |b HOL  |d 2024-06-11  |l 0  |o TA347.F5An4  |p 2024-0553  |r 2024-06-11 00:00:00  |t 702421  |w 2024-06-11  |y BK 
952 |0 0  |1 0  |2 lcc  |4 0  |6 TA0347 F5 A N4  |7 0  |9 5311  |a HOL  |b HOL  |d 2024-06-11  |l 0  |o TA347.F5An4  |p 2024-0554  |r 2024-06-11 00:00:00  |t 702422  |w 2024-06-11  |y BK 
999 |c 2631  |d 2631